[Event "North Bay op"]
[Site "North Bay"]
[Date "1996.??.??"]
[Round "?"]
[White "Campbell, Brett"]
[Black "Khudgarian, N."]
[Result "1-0"]
[WhiteElo "2220"]
[BlackElo "2070"]
[PlyCount "69"]
[EventDate "1996.08.??"]
[EventType "swiss"]
[EventRounds "9"]
[EventCountry "CAN"]
[SourceTitle "EXT 1998"]
[Source "ChessBase"]
[SourceDate "1997.11.17"]
[SourceVersion "1"]
[SourceVersionDate "1997.11.17"]
[SourceQuality "1"]

1. Nc3 d5 2. e4 d4 3. Nce2 c5 4. Ng3 Nc6 5. Nf3 g6 6. Bc4 Bg7 7. d3 Nf6 8. Bd2 0-0 9. h3 Na5 10. 0-0 Nxc4 11. dxc4 Qc7 12. Qe2 b5 13. e5 Nd7 14. e6 fxe6 15. cxb5 Qb6 16. Rae1 a6 17. a4 axb5 18. axb5 Nf6 19. c4 dxc3 20. bxc3 c4 21. Qxc4 Bd7 22. Nd4 Nd5 23. Nc6 Rfc8 24. Qe2 Bxc6 25. Qxe6+ Kh8 26. c4 Be8 27. Qxd5 Rd8 28. Be3 Qc7 29. Qe6 Ra4 30. Bb6 Qxc4 31. Qxc4 Rxc4 32. Bxd8 Rc8 33. Bxe7 Bxb5 34. Rc1 Re8 35. Rfe1 1-0

[Event "Olympiad Women-32"]
[Site "Yerevan"]
[Date "1996.??.??"]
[Round "1"]
[White "Khudgarian, N."]
[Black "Belic, Jordanka"]
[Result "0-1"]
[WhiteElo "2070"]
[BlackElo "2320"]
[PlyCount "88"]
[EventDate "1996.09.15"]
[EventType "team-swiss"]
[EventRounds "14"]
[EventCountry "ARM"]
[SourceTitle "EXT 1997"]
[Source "ChessBase"]
[SourceDate "1996.11.15"]
[SourceVersion "1"]
[SourceVersionDate "1996.11.15"]
[SourceQuality "1"]

1. e4 e5 2. Nf3 Nc6 3. Nc3 Nf6 4. d4 exd4 5. Nxd4 Bb4 6. Nxc6 bxc6 7. Bd3 d5 8. exd5 cxd5 9. 0-0 0-0 10. Bg5 c6 11. Na4 Be6 12. h3 Be7 13. Re1 Rb8 14. c3 Re8 15. Qc2 h6 16. Be3 Qc7 17. Nc5 Bxc5 18. Bxc5 Nd7 19. Be3 c5 20. Qd2 Qd8 21. Rad1 Qh4 22. Bb1 Rec8 23. Bf4 Rb6 24. Bg3 Qf6 25. Qc2 Nf8 26. Rd2 Ng6 27. f4 Nf8 28. f5 Bd7 29. Rxd5 Qg5 30. Qf2 Qf6 31. Be5 Qg5 32. Rd3 Qxf5 33. Rf3 Qh5 34. g4 Qg5 35. Rxf7 Rxb2 36. Rxf8+ Rxf8 37. Qxb2 Qh4 38. Re3 h5 39. Qg2 Bb5 40. Bd3 Bxd3 41. Rxd3 Qe1+ 42. Kh2 Qxe5+ 43. Kg1 Qe1+ 44. Kh2 Rf2 0-1

[Event "North Bay op"]
[Site "North Bay"]
[Date "1996.??.??"]
[Round "?"]
[White "Khudgarian, N."]
[Black "Linskiy, Oleg M"]
[Result "1-0"]
[WhiteElo "2070"]
[BlackElo "2315"]
[PlyCount "39"]
[EventDate "1996.08.??"]
[EventType "swiss"]
[EventRounds "9"]
[EventCountry "CAN"]
[SourceTitle "EXT 1998"]
[Source "ChessBase"]
[SourceDate "1997.11.17"]
[SourceVersion "1"]
[SourceVersionDate "1997.11.17"]
[SourceQuality "1"]

1. e4 b6 2. d4 Bb7 3. Bd3 Nf6 4. Qe2 e6 5. Nf3 c5 6. c3 cxd4 7. cxd4 Bb4+ 8. Bd2 Bxd2+ 9. Nbxd2 d6 10. 0-0 0-0 11. Rfd1 Nc6 12. e5 Ne8 13. Ne4 h6 14. Rac1 Ne7 15. Nh4 Nd5 16. Qg4 Bc8 17. Bb1 f5 18. exf6 Nexf6 19. Qg6 Nxe4 20. Re1 1-0